000 01481cam a22001934a 4500
005 20250605164207.0
008 250528s ||||||||||||||||||||||||d
035 _a20111
020 _a9607306988
040 _aGR-AtMCL
_bgre
_dGR-AtMCL
_eAACR2
245 1 _aPassages on Economics / English for Academic Purposes
260 _bΣταμούλης Α,
_c1994
300 _a256
520 _aThe Meaning and Measurement of Economic Welfare, Economic Developement Defined, Major Requirements for Economic Development, Economic Planning, Development, The Place of Capital in the Economic Process, Productivity and Its Relationship with Economic Development, Distribution as an Economic Problem, Inflation, Theories of Taxation, The Meaning of Economic Rent, Wages and Methods of Wage Payment, Production, Industrialism, Sources of Difficulty Arising in International Economic Dealings, The Money and Banking System and the Level of Spending, Investment Banks, Supply and Demand, Functions of Management, Company Financing, The Study of Marketing,Financing of Marketing Program, Accounting and Management, Cost Accounting, Credit and Collection Letters, The Central Wholesale Market, Personnel Management: Applied Science of Ideology?, The Role of Statistics, Science Policy, Port Economics, The Main Alternatives in Shipping, The Liner Trade, Liner Conference System, Consultation Machinery.
700 1 _aApostolou Eleni
_96160
942 _cBK
999 _c5250
_d5250